[Event "PRO League Group Stage"]
[Site "chess.com INT"]
[Date "2018.02.03"]
[Round "4"]
[White "Haining, Kyle"]
[Black "Wang, Annie"]
[Result "1-0"]
[WhiteTitle "CM"]
[BlackTitle "FM"]
[WhiteElo "2148"]
[BlackElo "2330"]
[WhiteTeam "Seattle Sluggers"]
[BlackTeam "Saint Louis Arch Bishops"]
[WhiteFideId "2078643"]
[BlackFideId "2053900"]
[EventDate "2018.01.18"]

1. e4 e6 2. d4 d5 3. Nd2 c5 4. exd5 Qxd5 5. Ngf3 cxd4 6. Bc4 Qd8 7. O-O Nc6 8.
Nb3 a6 9. a4 Qc7 10. Nbxd4 Nxd4 11. Qxd4 Bc5 12. Qxg7 Bd7 13. Qxh8 O-O-O 14.
Qxh7 Bc6 15. Be2 Nf6 16. Qh4 Nd5 17. c4 Ne7 18. Bf4 Qb6 19. Qh5 Ng6 20. Bg3 Be7
21. Ne5 Rh8 22. Qg4 Nxe5 23. Bxe5 Re8 24. Bf3 f5 25. Qh5 Bd7 26. c5 Qb4 27. Rac1
Qxa4 28. c6 bxc6 29. Bxc6 1-0

[Event "PRO League Group Stage"]
[Site "chess.com INT"]
[Date "2018.02.03"]
[Round "4"]
[White "Haining, Kyle"]
[Black "Checa, Nicolas"]
[Result "0-1"]
[WhiteTitle "CM"]
[BlackTitle "IM"]
[WhiteElo "2148"]
[BlackElo "2486"]
[WhiteTeam "Seattle Sluggers"]
[BlackTeam "Montclair Sopranos"]
[WhiteFideId "2078643"]
[BlackFideId "2069342"]
[EventDate "2018.01.18"]

1. g3 d5 2. Bg2 Nf6 3. Nf3 Bg4 4. O-O Nbd7 5. h3 Bxf3 6. Bxf3 e6 7. b3 Be7 8.
Bb2 O-O 9. c4 c6 10. d4 Qa5 11. a3 Rad8 12. Nc3 dxc4 13. bxc4 e5 14. d5 Nb6 15.
Qb3 Qa6 16. dxc6 bxc6 17. Bxc6 Qxc4 18. Qxc4 Nxc4 19. Bc1 h6 20. a4 Bc5 21. Rb1
Rc8 22. Bg2 Rfd8 23. Ne4 Nxe4 24. Bxe4 Rb8 25. Rxb8 Rxb8 26. Rd1 Kf8 27. Rd5 Rc8
28. Bd3 Nb6 29. Bf5 Rc7 30. Rd1 Nxa4 31. Be3 Bxe3 32. fxe3 Ke7 33. Kf2 Nc5 34.
g4 g6 35. Bd3 Rd7 36. Ra1 Kf6 37. Ra5 Rc7 38. Kg3 Ke7 39. Kf3 Kd6 40. h4 Re7 41.
Kg3 Kc6 42. Bc4 Ne4+ 43. Kg2 Nc5 44. Kg3 Rc7 45. Kf3 a6 46. Ra2 Ra7 47. g5 hxg5
48. hxg5 a5 49. Kg4 a4 50. Ra3 Kb6 51. Kf3 Ka5 52. Bd5 Kb4 53. Ra1 a3 54. Rb1+
Ka5 55. Bc4 Rb7 56. Rxb7 Nxb7 57. Bxf7 Nd6 58. Bd5 Kb4 59. e4 Kc3 60. Ke3 Nc4+
61. Kf3 a2 62. Bxc4 Kxc4 0-1

[Event "PRO League Group Stage"]
[Site "chess.com INT"]
[Date "2018.02.03"]
[Round "4"]
[White "Bykhovsky, Anatoly"]
[Black "Holt, Conrad"]
[Result "0-1"]
[WhiteTitle "GM"]
[BlackTitle "GM"]
[WhiteElo "2496"]
[BlackElo "2578"]
[WhiteTeam "Montclair Sopranos"]
[BlackTeam "Dallas Destiny"]
[WhiteFideId "2806991"]
[BlackFideId "2034387"]
[EventDate "2018.01.18"]

1. d4 d5 2. Nf3 Nf6 3. Bg5 Ne4 4. Bh4 Qd6 5. Qc1 Nc6 6. e3 Bg4 7. Nbd2 Qh6 8.
Rg1 Nxd2 9. Bg5 Nxf3+ 10. gxf3 Qxg5 11. Rxg4 Qh6 12. c4 e6 13. a3 Be7 14. b4 O-O
15. cxd5 exd5 16. b5 Nd8 17. Qxc7 Bd6 18. Qc2 Re8 19. Bd3 Ne6 20. Qb3 Rad8 21.
Rg2 Nxd4 0-1

[Event "PRO League Group Stage"]
[Site "chess.com INT"]
[Date "2018.02.03"]
[Round "4"]
[White "Bykhovsky, Anatoly"]
[Black "Sarana, Alexey"]
[Result "1-0"]
[WhiteTitle "GM"]
[BlackTitle "GM"]
[WhiteElo "2496"]
[BlackElo "2562"]
[WhiteTeam "Montclair Sopranos"]
[BlackTeam "Australia Kangaroos"]
[WhiteFideId "2806991"]
[BlackFideId "24133795"]
[EventDate "2018.01.18"]

1. d4 Nf6 2. Nf3 d5 3. c4 e6 4. Nc3 c5 5. cxd5 Nxd5 6. e3 Nxc3 7. bxc3 Be7 8.
Bd3 O-O 9. O-O Nc6 10. Bb2 b6 11. e4 cxd4 12. cxd4 Bb7 13. a3 Rc8 14. Qe2 Qd7
15. Rad1 Na5 16. d5 Rfd8 17. Ne5 Qc7 18. dxe6 f6 19. Nf7 Rxd3 20. Rxd3 Ba6 21.
e5 f5 22. Nh6+ gxh6 23. Rg3+ Kh8 24. Qxa6 Nc4 25. Ba1 Nd2 26. Re1 Qc1 27. Qe2
Ne4 28. Rf3 Bxa3 29. h3 Nd2 30. Rxc1 Rxc1+ 31. Kh2 Nf1+ 32. Qxf1 Rxf1 33. Rxa3
Kg8 34. Rxa7 Rxa1 35. Rxa1 1-0

[Event "PRO League Group Stage"]
[Site "chess.com INT"]
[Date "2018.02.03"]
[Round "4"]
[White "Bykhovsky, Anatoly"]
[Black "Friedel, Joshua"]
[Result "1-0"]
[WhiteTitle "GM"]
[BlackTitle "GM"]
[WhiteElo "2496"]
[BlackElo "2562"]
[WhiteTeam "Montclair Sopranos"]
[BlackTeam "Las Vegas Desert Rats"]
[WhiteFideId "2806991"]
[BlackFideId "2017199"]
[EventDate "2018.01.18"]

1. d4 d5 2. c4 e6 3. Nc3 Be7 4. Nf3 Nf6 5. Bg5 h6 6. Bh4 O-O 7. Qc2 c5 8. dxc5
Qa5 9. cxd5 exd5 10. e3 Nc6 11. Bb5 g5 12. Bg3 Ne4 13. Bxc6 bxc6 14. Nd4 Bd7 15.
Nb3 Qb4 16. a3 Qc4 17. Rc1 Nxc5 18. Nxc5 Qxc5 19. O-O Rfe8 20. Rfd1 Rac8 21. Qe2
Qb6 22. Qh5 Bf8 23. h4 g4 24. Bf4 Bg7 25. Na4 Qd8 26. Nc5 Re7 27. e4 d4 28. e5
Be6 29. Nxe6 Rxe6 30. Qxg4 Qb6 31. Bxh6 Rxh6 32. Qxc8+ Bf8 33. b4 Re6 34. Rd3
Rg6 35. h5 Rg5 36. f4 Qb5 37. Rcd1 Rg7 38. Qf5 Qd5 39. R1d2 c5 40. bxc5 Bxc5 41.
Kh2 Qd8 42. Rc2 Qd5 43. g4 Bf8 44. Rcd2 Qc4 45. g5 Qc1 46. Rxd4 Qe1 47. h6 Rg6
48. Rd7 Be7 49. Rg2 Qh4+ 50. Kg1 Qe1+ 51. Kh2 Qh4+ 52. Qh3 Qxf4+ 53. Qg3 Bxg5
54. Qxf4 Bxf4+ 55. Kg1 Bxe5 56. Rxg6+ fxg6 57. Kg2 a5 58. Kf3 Bf6 59. Kg4 Kh8
60. Ra7 Bc3 61. Kg5 1-0

[Event "PRO League Group Stage"]
[Site "chess.com INT"]
[Date "2018.02.03"]
[Round "4"]
[White "Haining, Kyle"]
[Black "Mitkov, Nikola"]
[Result "0-1"]
[WhiteTitle "CM"]
[BlackTitle "GM"]
[WhiteElo "2148"]
[BlackElo "2461"]
[WhiteTeam "Seattle Sluggers"]
[BlackTeam "Minnesota Blizzard"]
[WhiteFideId "2078643"]
[BlackFideId "15000290"]
[EventDate "2018.01.18"]

1. e4 e5 2. Nf3 Nc6 3. Bb5 Bc5 4. O-O Qf6 5. c3 Nge7 6. d3 h6 7. Be3 Bb6 8. d4
O-O 9. Na3 d6 10. Be2 Ng6 11. d5 Nb8 12. Qd2 Nf4 13. Bxf4 exf4 14. Nc4 Nd7 15.
Nxb6 axb6 16. Qd4 Re8 17. Nd2 Qxd4 18. cxd4 Ra4 19. Nf3 Rxe4 20. Bd3 Re7 21.
Rfe1 Kf8 22. Rac1 Rxe1+ 23. Nxe1 Ke7 24. Rxc7 Kd8 25. Rc2 Rxa2 26. g3 Nf6 27.
Bc4 Ra1 28. Kf1 f3 0-1

[Event "PRO League Group Stage"]
[Site "chess.com INT"]
[Date "2018.02.03"]
[Round "4"]
[White "Orlov, Georgi"]
[Black "Rohde, Michael"]
[Result "1-0"]
[WhiteTitle "IM"]
[BlackTitle "GM"]
[WhiteElo "2481"]
[BlackElo "2388"]
[WhiteTeam "Seattle Sluggers"]
[BlackTeam "Miami Champions"]
[WhiteFideId "2011271"]
[BlackFideId "2000172"]
[EventDate "2018.01.18"]

1. e4 c5 2. Nf3 e6 3. c4 Nc6 4. Nc3 Nf6 5. Be2 a6 6. O-O Qc7 7. d4 cxd4 8. Nxd4
Nxd4 9. Qxd4 Bc5 10. Qd3 b6 11. g3 h6 12. e5 Qxe5 13. Bf3 Ra7 14. Bf4 Qd4 15.
Qe2 Be7 16. Be5 Qc5 17. Na4 Qa5 18. b3 Bb7 19. Bd4 Qf5 20. Bxb7 Rxb7 21. Nxb6
O-O 22. Rad1 d6 23. f3 Rfb8 24. Na4 Nd7 25. Kg2 Bf8 26. Nc3 Nc5 27. Rd2 Rc8 28.
Rfd1 Nd7 29. Qe4 Qxe4 30. Nxe4 f5 31. Nxd6 Bxd6 32. Bf2 Bxg3 33. Bxg3 Nf6 34.
Rd6 Kf7 35. Rxa6 g5 36. Rad6 h5 37. Be5 h4 38. Re1 Nh5 39. h3 Rc5 40. Bd4 Nf4+
41. Kf1 Ra5 42. c5 Rxa2 43. c6 Rxb3 44. Be3 Nd5 45. c7 Nxc7 46. Rd7+ Kg6 47.
Rxc7 f4 48. Bf2 Rxf3 49. Rxe6+ Kf5 50. Re2 Rxe2 51. Kxe2 Rxh3 52. Rf7+ Kg4 53.
Rg7 Rb3 54. Bd4 Ra3 55. Bf6 Ra2+ 56. Ke1 Ra5 57. Bd8 Re5+ 58. Kf2 Rd5 59. Bf6 1-0

[Event "PRO League Group Stage"]
[Site "chess.com INT"]
[Date "2018.02.03"]
[Round "4"]
[White "Orlov, Georgi"]
[Black "Shetty, Atulya"]
[Result "1/2-1/2"]
[WhiteTitle "IM"]
[BlackTitle "IM"]
[WhiteElo "2481"]
[BlackElo "2389"]
[WhiteTeam "Seattle Sluggers"]
[BlackTeam "Pittsburgh Pawngrabbers"]
[WhiteFideId "2011271"]
[BlackFideId "2031213"]
[EventDate "2018.01.18"]

1. e4 e6 2. d4 d5 3. Nc3 Nf6 4. exd5 exd5 5. Bg5 Be7 6. Bd3 O-O 7. Qd2 Bg4 8. f3
Bh5 9. O-O-O c6 10. Nge2 Bg6 11. h4 Bxd3 12. Qxd3 b5 13. Ng3 b4 14. Nce2 Ne8 15.
Bxe7 Qxe7 16. Nf5 Qc7 17. h5 Nd6 18. Neg3 Nd7 19. Nxd6 Qxd6 20. Nf5 Qc7 21. Qd2
f6 22. Rde1 Rae8 23. Ne7+ Kf7 24. Nf5 a5 25. h6 g6 26. Ng7 Rxe1+ 27. Rxe1 Qh2
28. Qe3 Kg8 29. g4 Kh8 30. b3 a4 31. bxa4 Nb6 32. Kb1 Nc4 33. Qc1 Qf2 34. Ne6
Na3+ 35. Kb2 Qxf3 36. c3 Nc4+ 37. Ka1 Re8 38. Nc5 Rxe1 39. Qxe1 Qxc3+ 40. Qxc3
bxc3 41. Kb1 f5 42. gxf5 gxf5 43. Kc2 Kg8 44. Nd3 Kf8 45. Kxc3 Ke7 46. Ne5 Na5
47. Kd3 Kd6 48. Nf7+ Ke7 49. Ng5 Kf6 50. Nxh7+ Kg6 51. Ng5 Kxh6 52. Ne6 Kg6 53.
Kc3 Kf6 54. Nf4 Kg5 55. Nd3 f4 56. Kb4 Nb7 57. a5 Nd6 58. a6 Nc8 59. Kc5 Kf5 60.
Kxc6 Ke4 61. Nxf4 Kxf4 62. Kxd5 Ke3 63. Kc5 Ke4 64. d5 Ke5 65. d6 Ke6 66. Kc6
Na7+ 67. Kb7 Kxd6 68. Kxa7 Kc7 69. a4 Kc8 70. Kb6 Kb8 71. a7+ Ka8 72. Ka6 1/2-1/2

[Event "PRO League Group Stage"]
[Site "chess.com INT"]
[Date "2018.02.03"]
[Round "4"]
[White "Orlov, Georgi"]
[Black "Ashwin, Jayaram"]
[Result "0-1"]
[WhiteTitle "IM"]
[BlackTitle "GM"]
[WhiteElo "2481"]
[BlackElo "2486"]
[WhiteTeam "Seattle Sluggers"]
[BlackTeam "Webster Windmills"]
[WhiteFideId "2011271"]
[BlackFideId "5018137"]
[EventDate "2018.01.18"]

1. e4 c6 2. d4 d5 3. Nc3 dxe4 4. Nxe4 Bf5 5. Ng3 Bg6 6. h4 h6 7. Nf3 Nd7 8. h5
Bh7 9. Bd3 Bxd3 10. Qxd3 e6 11. Bf4 Qa5+ 12. Bd2 Bb4 13. c3 Be7 14. Ne4 Ngf6 15.
Nxf6+ Nxf6 16. Ne5 O-O 17. Rh3 Qd5 18. c4 Qxg2 19. O-O-O Ne4 20. Be1 Nxf2 21.
Bxf2 Qxf2 22. Rf1 Bg5+ 23. Kb1 Qd2 24. Qe4 f5 25. Qh1 Qxd4 26. Re1 Bf6 27. Rd3
Qb6 28. Qg2 Qa5 29. Nf3 Rad8 30. Rb3 Rd7 31. Rxe6 Rd1+ 32. Kc2 Qxa2 33. Nd2 Qa1
34. Rxf6 Qc1+ 35. Kd3 Rxf6 0-1

[Event "PRO League Group Stage"]
[Site "chess.com INT"]
[Date "2018.02.03"]
[Round "4"]
[White "Haining, Kyle"]
[Black "Blit, Jacques"]
[Result "0-1"]
[WhiteTitle "CM"]
[BlackTitle "IM"]
[WhiteElo "2148"]
[BlackElo "2374"]
[WhiteTeam "Seattle Sluggers"]
[BlackTeam "Buenos Aires Krakens"]
[WhiteFideId "2078643"]
[BlackFideId "114839"]
[EventDate "2018.01.18"]

1. e4 c5 2. Nf3 Nc6 3. d4 cxd4 4. Nxd4 e5 5. Nb5 d6 6. c4 f5 7. N1c3 a6 8. Na3
Nf6 9. Bd3 f4 10. Nc2 Be7 11. b4 O-O 12. Bb2 Qe8 13. Nd5 Bd8 14. Qd2 Qg6 15. f3
Nd7 16. O-O-O a5 17. b5 Ne7 18. Ba3 Nxd5 19. cxd5 Bb6 20. Kb1 Nc5 21. Ne1 Bd7
22. Bc4 Rfc8 23. Rc1 Rc7 24. Rc2 Rac8 25. Nd3 Nxe4 26. fxe4 Rxc4 27. Rxc4 Rxc4
28. Rc1 Qxe4 29. Rxc4 Qxc4 30. Nb2 Bf5+ 31. Ka1 Qf1+ 32. Qd1 Qxg2 0-1

[Event "PRO League Group Stage"]
[Site "chess.com INT"]
[Date "2018.02.03"]
[Round "4"]
[White "Orlov, Georgi"]
[Black "Panjwani, Raja"]
[Result "0-1"]
[WhiteTitle "IM"]
[BlackTitle "IM"]
[WhiteElo "2481"]
[BlackElo "2444"]
[WhiteTeam "Seattle Sluggers"]
[BlackTeam "Montreal Chessbrahs"]
[WhiteFideId "2011271"]
[BlackFideId "2604493"]
[EventDate "2018.01.18"]

1. e4 e5 2. Nf3 Nc6 3. Bc4 Nf6 4. Ng5 d5 5. exd5 Na5 6. Bb5+ Bd7 7. Qe2 Be7 8.
Nc3 O-O 9. Bd3 h6 10. h4 c6 11. dxc6 Nxc6 12. f3 Nd4 13. Qxe5 Bc6 14. Kf1 Bb4
15. Nge4 Nxe4 16. Nxe4 Re8 17. Qf4 f5 18. Bc4+ Bd5 19. Nf6+ Qxf6 20. Bxd5+ Kh8
21. Bb3 Bd6 22. Qg5 Qxg5 23. hxg5 Bg3 0-1

[Event "PRO League Group Stage"]
[Site "chess.com INT"]
[Date "2018.02.03"]
[Round "4"]
[White "Smirnov, Anton"]
[Black "Ramirez, Alejandro"]
[Result "1-0"]
[WhiteTitle "GM"]
[BlackTitle "GM"]
[WhiteElo "2527"]
[BlackElo "2568"]
[WhiteTeam "Australia Kangaroos"]
[BlackTeam "Saint Louis Arch Bishops"]
[WhiteFideId "3208923"]
[BlackFideId "6500617"]
[EventDate "2018.01.18"]

1. e4 c5 2. Nf3 e6 3. d4 cxd4 4. Nxd4 Nc6 5. Nc3 Qc7 6. Be3 a6 7. Qf3 d6 8. Nxc6
bxc6 9. Qg3 Nf6 10. O-O-O Rb8 11. f3 g6 12. h4 Be7 13. Kb1 Qa5 14. Bd2 Nh5 15.
Qe1 Bf6 16. b3 Qe5 17. Qe3 d5 18. f4 Qd4 19. e5 Qxe3 20. Bxe3 Be7 21. Na4 Ng3
22. Rh3 Nxf1 23. Rxf1 Rb4 24. Bg1 Rf8 25. Rc3 Bd7 26. Bc5 Re4 27. g3 f6 28. Bxe7
Kxe7 29. Nc5 Re2 30. exf6+ Rxf6 31. Rg1 e5 32. fxe5 Rxe5 33. Nxa6 d4 34. Rc4 Rd6
35. Nb4 Kd8 36. Rd1 Re4 37. Nd3 Be6 38. Nc5 Re3 39. Rcxd4 Rxd4 40. Rxd4+ Kc7 41.
Nxe6+ Rxe6 42. Rd3 1-0

[Event "PRO League Group Stage"]
[Site "chess.com INT"]
[Date "2018.02.03"]
[Round "4"]
[White "Smirnov, Anton"]
[Black "Della Morte, German"]
[Result "1/2-1/2"]
[WhiteTitle "GM"]
[BlackTitle "IM"]
[WhiteElo "2527"]
[BlackElo "2353"]
[WhiteTeam "Australia Kangaroos"]
[BlackTeam "Buenos Aires Krakens"]
[WhiteFideId "3208923"]
[BlackFideId "113522"]
[EventDate "2018.01.18"]

1. e4 e5 2. Nf3 Nc6 3. Bb5 a6 4. Ba4 Nf6 5. O-O Be7 6. Re1 b5 7. Bb3 O-O 8. c3
d5 9. exd5 Nxd5 10. Nxe5 Nxe5 11. Rxe5 c6 12. d4 Bd6 13. Re1 Qh4 14. g3 Qh3 15.
Re4 g5 16. Qf1 Qh5 17. Bd1 Qg6 18. Nd2 Bf5 19. Re1 Rae8 20. Nf3 f6 21. Bd2 Be4
22. a4 Qf5 23. Rxe4 Qxe4 24. Ne1 Rb8 25. Bc2 Qe7 26. b4 f5 27. Nf3 h6 28. h4 f4
29. g4 gxh4 30. Qh3 Rf6 31. Re1 Qg7 32. Qxh4 Rbf8 33. Qh5 Ne3 34. Bb3+ Kh8 35.
Nh2 Nc4 36. Bxc4 bxc4 37. f3 Qg6 38. Qxg6 Rxg6 39. Re4 a5 40. bxa5 Ra8 41. Bxf4
Bxf4 42. Rxf4 Rxa5 43. Nf1 Rxa4 44. Nd2 Re6 45. Ne4 Ra2 46. Rf7 Re8 47. Rb7 Rc2
48. g5 hxg5 49. Kf1 Ra8 50. Rb1 Kg7 51. Nxg5 Kg6 52. Ne4 Kf5 53. Re1 Kf4 54. Nd6
Rh8 55. Kg1 Kg3 56. Ne4+ Kxf3 57. Ng5+ Kg4 58. Nf7 Rh7 59. Ne5+ Kf4 60. Nxc4
Rxc3 61. Ne5 Rg3+ 62. Kf1 Rh1+ 63. Kf2 Rxe1 64. Kxe1 Rc3 65. Kd2 Ra3 66. Nxc6
Ke4 67. Nb4 Rb3 68. Nc2 Rh3 69. Kc1 Rh1+ 70. Kb2 Rh8 71. Kc3 Rc8+ 72. Kb3 Rc7
73. Na3 Kd5 74. Kb4 Rb7+ 75. Kc3 Rc7+ 76. Kb3 Rh7 77. Nc2 Rb7+ 78. Kc3 Rc7+ 79.
Kd3 Rh7 80. Ne3+ Kd6 81. Nc4+ Kd5 82. Ne3+ Ke6 83. Nc4 Rh3+ 84. Ne3 Rg3 85. Ke4
Rh3 86. Kd3 Kd6 87. Ke4 Rh4+ 88. Kd3 Rh1 89. Ke4 Ra1 90. Kd3 Ra3+ 91. Ke4 Ra8
92. Kd3 Re8 93. Nc4+ Kd5 94. Ne3+ Kc6 95. Nc4 Rh8 96. Ne3 Kd6 97. Nc4+ Ke6 98.
Ne3 Kd6 1/2-1/2

[Event "PRO League Group Stage"]
[Site "chess.com INT"]
[Date "2018.02.03"]
[Round "4"]
[White "Smirnov, Anton"]
[Black "Molner, Mackenzie"]
[Result "1-0"]
[WhiteTitle "GM"]
[BlackTitle "GM"]
[WhiteElo "2527"]
[BlackElo "2465"]
[WhiteTeam "Australia Kangaroos"]
[BlackTeam "Montclair Sopranos"]
[WhiteFideId "3208923"]
[BlackFideId "2021722"]
[EventDate "2018.01.18"]

1. e4 c5 2. Nf3 d6 3. d4 cxd4 4. Nxd4 Nf6 5. Nc3 a6 6. Be2 e5 7. Nb3 Be7 8. O-O
O-O 9. Qd3 Be6 10. Bd2 a5 11. Be3 a4 12. Nd2 Nc6 13. a3 d5 14. exd5 Nxd5 15.
Nxd5 Qxd5 16. Qxd5 Bxd5 17. Rfd1 Nd4 18. Bd3 Rac8 19. Rac1 Rfd8 20. Re1 Be6 21.
Bxd4 exd4 22. f4 Kf8 23. Bxh7 Rc5 24. Bd3 g5 25. Ne4 Ra5 26. Rf1 gxf4 27. Rxf4
Kg7 28. Rcf1 Rh8 29. h3 Rah5 30. Ng3 Rg5 31. Nf5+ Bxf5 32. Rxf5 Rxf5 33. Rxf5
Bf6 34. Rb5 Re8 35. Rxb7 Bh4 36. g4 Re1+ 37. Kg2 Rd1 38. Rb4 Rd2+ 39. Kf3 Rf2+
40. Ke4 Bf6 41. Rxa4 1-0

[Event "PRO League Group Stage"]
[Site "chess.com INT"]
[Date "2018.02.03"]
[Round "4"]
[White "Shetty, Atulya"]
[Black "Khachiyan, Melikset"]
[Result "1/2-1/2"]
[WhiteTitle "IM"]
[BlackTitle "GM"]
[WhiteElo "2389"]
[BlackElo "2522"]
[WhiteTeam "Pittsburgh Pawngrabbers"]
[BlackTeam "Las Vegas Desert Rats"]
[WhiteFideId "2031213"]
[BlackFideId "13300512"]
[EventDate "2018.01.18"]

1. c4 e5 2. g3 Nf6 3. Bg2 d5 4. cxd5 Nxd5 5. Nc3 Nb6 6. Nf3 Nc6 7. O-O Be7 8. a3
O-O 9. b4 Re8 10. d3 Bf8 11. Bb2 Bg4 12. Rc1 Nd4 13. e3 Nxf3+ 14. Bxf3 Bxf3 15.
Qxf3 c6 16. Rfd1 Qe7 17. Ne4 Rad8 18. Nc5 f6 19. Qe2 Qf7 20. Qc2 Bxc5 21. Qxc5
Na4 22. Qc2 Nxb2 23. Qxb2 Rd5 24. a4 Red8 25. b5 cxb5 26. axb5 h5 27. b6 axb6
28. Qxb6 Rxd3 29. Qxd8+ Rxd8 30. Rxd8+ Kh7 31. h4 b5 32. Rb8 Qb3 33. Rb7 Kg6 34.
Rd7 b4 35. Kg2 Qa4 36. Rcc7 b3 37. Rxg7+ Kf5 38. Rb7 Qe4+ 39. Kg1 Qb1+ 40. Kg2
Qe4+ 41. Kg1 Qb1+ 1/2-1/2

[Event "PRO League Group Stage"]
[Site "chess.com INT"]
[Date "2018.02.03"]
[Round "4"]
[White "Shetty, Atulya"]
[Black "Smirnov, Anton"]
[Result "1/2-1/2"]
[WhiteTitle "IM"]
[BlackTitle "GM"]
[WhiteElo "2389"]
[BlackElo "2527"]
[WhiteTeam "Pittsburgh Pawngrabbers"]
[BlackTeam "Australia Kangaroos"]
[WhiteFideId "2031213"]
[BlackFideId "3208923"]
[EventDate "2018.01.18"]

1. c4 c6 2. g3 d5 3. Bg2 g6 4. Nf3 Bg7 5. O-O e5 6. d3 Ne7 7. Qc2 O-O 8. Bg5 f6
9. Bd2 Be6 10. Nc3 dxc4 11. dxc4 Bxc4 12. Rfd1 Qc7 13. b3 Ba6 14. Ne4 Bxe2 15.
Re1 Bxf3 16. Bxf3 Na6 17. b4 h6 18. Nc5 Nxc5 19. bxc5 f5 20. Rab1 Rad8 21. Bc3
Nd5 22. Be2 Rd7 23. Bc4 Kh7 24. Bd2 e4 25. a4 Rfd8 26. a5 a6 27. Rb3 Qe5 28.
Reb1 Qe7 29. Bxd5 Rxd5 30. Bf4 Rxc5 31. Qa2 Rb5 32. Rxb5 cxb5 33. Rc1 Qd7 34.
Rc7 Qd1+ 35. Kg2 Rd7 36. Rc8 Qd5 37. Qxd5 Rxd5 38. Rc7 b4 39. Rxb7 Rxa5 40. Rxb4
g5 41. Be3 Rb5 42. Ra4 a5 43. Bd2 Rb2 44. Bc1 Rc2 45. Be3 Bc3 46. Rc4 a4 47.
Rxa4 Bf6 48. Ra6 Kg7 49. Ra7+ Kg6 50. Ra6 Kf7 51. Ra7+ Be7 52. Ra6 h5 53. h3 h4
54. gxh4 f4 55. Ba7 e3 56. Ra1 Rxf2+ 57. Kg1 gxh4 58. Rf1 Re2 59. Rxf4+ Kg6 60.
Re4 Bg5 61. Kf1 Rf2+ 62. Kg1 Ra2 63. Bxe3 Re2 64. Kf1 Rxe3 65. Rxe3 Bxe3 66. Kg2
Kf5 67. Kh1 1/2-1/2

[Event "PRO League Group Stage"]
[Site "chess.com INT"]
[Date "2018.02.03"]
[Round "4"]
[White "Smirnov, Anton"]
[Black "Bartholomew, John"]
[Result "1/2-1/2"]
[WhiteTitle "GM"]
[BlackTitle "IM"]
[WhiteElo "2527"]
[BlackElo "2459"]
[WhiteTeam "Australia Kangaroos"]
[BlackTeam "Minnesota Blizzard"]
[WhiteFideId "3208923"]
[BlackFideId "2019353"]
[EventDate "2018.01.18"]

1. e4 d5 2. exd5 Qxd5 3. Nc3 Qd8 4. Bc4 Nf6 5. Nf3 a6 6. a4 Nc6 7. h3 Bf5 8. d3
e6 9. O-O h6 10. Bf4 Bd6 11. Qd2 Bxf4 12. Qxf4 Qd6 13. Qe3 O-O 14. Rfe1 Rfd8 15.
Ne2 Nd5 16. Bxd5 exd5 17. Ned4 Nxd4 18. Nxd4 Bd7 19. a5 Qb4 20. Nb3 Re8 21. Qd2
Qxd2 22. Nxd2 Rxe1+ 23. Rxe1 Ba4 24. b3 Re8 25. Kf1 Rxe1+ 26. Kxe1 Bd7 27. Ke2
d4 28. b4 Ba4 29. Kd1 Bc6 30. f3 Bd5 31. Ne4 Kh7 32. c4 dxc3 33. Nxc3 Bc6 34.
Ke2 Kg6 35. Ke3 Kf5 36. h4 g5 37. hxg5 hxg5 38. g3 f6 39. f4 Kg4 40. fxg5 fxg5
41. Kf2 Kf5 42. Ke3 Kg4 43. Kf2 Kf5 44. Ne2 Bd5 45. Nd4+ Kg4 46. Nc2 Kf5 47.
Nd4+ Kg4 48. Ne2 b6 49. Nc3 Bc6 50. Nd1 bxa5 51. Ne3+ Kh5 52. bxa5 Kg6 53. Ke2
Kf6 54. Kd2 Ke5 55. Kc3 Bb5 56. Ng4+ Kf5 57. Nf2 Ke5 58. Nd1 c5 59. Nf2 Kf5 60.
Kd2 Ke5 61. Ke3 Bc6 62. Nd1 Bb7 63. Nc3 Bc6 64. Nd1 Bd5 65. Nf2 Bc6 66. Kd2 Bd5
67. Kc3 Kf5 68. d4 cxd4+ 69. Kxd4 Bf3 70. Ke3 Bg2 71. Nd3 Bf1 72. Nc5 Kg4 73.
Kf2 Bb5 74. Nb3 Bd7 75. Nd4 Bc8 76. Nc6 Be6 77. Ne7 Bd7 78. Kg2 Be6 79. Kf2 Bd7
80. Nd5 Be6 81. Ne3+ Kh5 82. Kf3 Kg6 83. Ke4 Kf6 84. Kd4 Kg6 85. Ke5 Bc8 86. Nd5
Kh5 87. Nf6+ Kg6 88. Ne4 Bf5 89. Nc5 Bc8 90. Ne4 Bf5 91. Nf2 Bd7 92. Nd1 Bb5 93.
Ne3 Be2 94. Nd5 Kh5 95. Nf6+ Kg6 96. Ne4 Bf3 97. Nd2 Bg2 98. Nb3 Kh5 99. Nc5 Bf1
100. Kf5 Bh3+ 101. Ke4 Bf1 102. Kf3 Bb5 103. Nb3 Bc6+ 104. Kf2 Kg4 105. Nd4 Bd5
106. Nc2 Be4 107. Ne3+ Kh5 108. Ke2 Kg6 109. Kd2 Kf6 110. Kc3 Ke5 111. Nc4+ Kf5
112. Kd4 Bf3 113. Ne3+ Kf6 114. Nc2 Kf5 115. Ne3+ Kf6 116. Nc4 Kf5 117. Ke3 Bd5
118. Nb2 Bc6 119. Nd3 Bb5 120. Nc5 Kg4 121. Kf2 Kf5 122. Kf3 Bc6+ 123. Ke3 Bb5
124. Nb3 Kg4 125. Kf2 Bc4 126. Nd4 Bd3 127. Nf3 Bb5 128. Nd2 Kf5 129. Ke3 Bc6
130. Nb3 Bd5 1/2-1/2

[Event "PRO League Group Stage"]
[Site "chess.com INT"]
[Date "2018.02.03"]
[Round "4"]
[White "Lenderman, Aleksandr"]
[Black "Yu, Yangyi"]
[Result "1/2-1/2"]
[WhiteTitle "GM"]
[BlackTitle "GM"]
[WhiteElo "2611"]
[BlackElo "2760"]
[WhiteTeam "Montclair Sopranos"]
[BlackTeam "Chengdu Pandas"]
[WhiteFideId "2021285"]
[BlackFideId "8603820"]
[EventDate "2018.01.18"]

1. d4 Nf6 2. c4 e6 3. Nc3 Bb4 4. Qc2 c5 5. dxc5 O-O 6. Nf3 Na6 7. g3 Nxc5 8. Bg2
b6 9. O-O Bb7 10. Nb5 Nce4 11. Ng5 d5 12. Rd1 Qc8 13. Nxe4 Nxe4 14. Bxe4 dxe4
15. Bf4 Bc6 16. Bd6 Bxb5 17. Bxb4 Re8 18. b3 Bc6 19. Rd6 h5 20. Qd2 Rd8 21. Rd1
Rxd6 22. Qxd6 Qe8 23. Bc3 Rc8 24. a4 f6 25. Bb4 Kf7 26. Qf4 e5 27. Qe3 Rd8 28.
Rxd8 Qxd8 29. Qd2 Qxd2 30. Bxd2 g5 1/2-1/2

[Event "PRO League Group Stage"]
[Site "chess.com INT"]
[Date "2018.02.03"]
[Round "4"]
[White "Bykhovsky, Anatoly"]
[Black "Mamedov, Rauf"]
[Result "0-1"]
[WhiteTitle "GM"]
[BlackTitle "GM"]
[WhiteElo "2496"]
[BlackElo "2709"]
[WhiteTeam "Montclair Sopranos"]
[BlackTeam "San Jose Hackers"]
[WhiteFideId "2806991"]
[BlackFideId "13401653"]
[EventDate "2018.01.18"]

1. d4 Nf6 2. c4 d6 3. Nc3 g6 4. e4 Bg7 5. Nf3 O-O 6. Be2 c5 7. d5 e5 8. Bg5 h6
9. Bd2 a6 10. h3 Nbd7 11. a3 Re8 12. Qc1 Kh7 13. g4 b5 14. cxb5 axb5 15. Bxb5
Ba6 16. Bxa6 Rxa6 17. Kf1 c4 18. Be3 Qc8 19. Nd2 Nc5 20. Nb5 Ncxe4 21. Nxc4 Qb7
22. a4 Nxd5 23. Kg1 Rc8 24. b3 Nf4 25. Qf1 Ng5 26. Nd2 Rc2 27. h4 Nf3+ 28. Nxf3
Qxf3 29. Bxf4 exf4 30. Re1 Qxb3 31. h5 Rxa4 32. g5 Rc5 33. hxg6+ fxg6 34. gxh6
Rg5+ 35. Kh2 Qf3 0-1